|
|
|
|
| LEADER |
00000nab a2200000 ar4500 |
| 001 |
vtls009003690 |
| 003 |
SK-MaSNL |
| 005 |
20260319071259.0 |
| 008 |
070601c2007 xo |||||||| 000 b|hun |
| 015 |
|
|
|a SNBRB2007/06
|2 snkbucl
|
| 038 |
|
|
|a SNKBUCL
|
| 040 |
|
|
|a DSZK
|b slo
|c DSZK
|e AACR2
|
| 041 |
0 |
|
|a hun
|
| 044 |
|
|
|a xo
|c SK
|
| 080 |
|
|
|a 82:070-053.2
|x (=511.141)
|x (437.6)
|2 1997
|
| 080 |
|
|
|a 070.488-053.2
|x (=511.141)
|x (437.6)
|2 1997
|
| 245 |
0 |
0 |
|a A Tücsök májusi száma
|c [szerző] (KA)
|
| 300 |
|
|
|b Obr.
|
| 630 |
0 |
7 |
|a Tücsök (časopis)
|y 2007
|x č. 9
|2 snkbucl
|9 1065859
|
| 655 |
|
7 |
|a bibliografické prehľady
|2 snkbucl
|9 534643
|
| 773 |
0 |
|
|t Szabad újság
|g Évf. XV, sz. 22 (2007), o. 11
|x 1335-6631
|
| 852 |
|
|
|a SNK
|b KIS3GCP
|
| 852 |
|
|
|a DSZK
|b KIS3GCP
|
| 958 |
|
|
|a HU
|
| 958 |
|
|
|a SK
|
| 958 |
|
|
|a LX
|
| 958 |
|
|
|a DB
|
| 999 |
|
|
|c 1751819
|d 1753749
|